000 00556nam a2200097Ia 4500
008 170517s9999 xx 000 0 und d
245 _aCrash: How Long Will It Last?
300 _aIn the second half of this special two-part Dispatches, economist and author Will Hutton continues the definitive insider's account of how Britain's economy went from boom to bust. Hutton reveals how those who tried to warn of the impending financial disaster were...
650 _xBusiness and Economics.
856 _uhttp://topdocumentaryfilms.com/crash-how-long-will-it-last/
999 _c333244
_d333244